Alcance y aplicacin̤ del principio de eficacia directa del derecho comunitario andino

Detalles Bibliográficos
Autor principal: Pachn̤ Guerrero, Juan Sebastiǹ
Formato: eBook
Lenguaje:español
Publicado: Bogot:̀ Editorial Universidad de Rosario (Colombia), 2020
Materias:
Acceso en línea:Acceso restringido

MARC

LEADER 00000nam a22000007a 4500
005 20210423220510.0
007 cr|||| ||||
008 210423s2020 co |||||s|||| 00||0 spa d
020 |a 978-958-784-467-2 
035 |a 33132 
040 |a vLex 
090 |c 11515  |d 11515 
100 1 |a Pachn̤ Guerrero, Juan Sebastiǹ 
245 1 0 |a Alcance y aplicacin̤ del principio de eficacia directa del derecho comunitario andino  |h [Recurso electrn̤ico] /  |c Juan Sebastiǹ Pachn̤ Guerrero 
256 |a Servicio en ln̕ea 
260 |a Bogot:̀  |b Editorial Universidad de Rosario (Colombia),  |c 2020 
300 |a 1 recurso electrn̤ico 
506 1 |a Disponible solo en los productos indicados  |d vLex Global  |d vLex Global (Academic Edition, excluding Law Schools)  |d vLex Global (U.S. Academic Edition, Law Schools)  |d vLex Global (U.S. Academic Edition, excluding Law Schools)  |d vLex Global (Academic Edition, Law Schools) 
650 0 4 |a Derecho Civil  |z Colombia 
650 0 4 |a Derecho Mercantil y de la Empresa  |z Colombia 
740 0 |a vLex Libros (Servicio en ln̕ea) 
856 4 0 |u https://vlex.com/source/alcance-aplicacion-principio-eficacia-directa-derecho-comunitario-andino-ambito-propiedad-industrial-derecho-consumidor-33132  |z Acceso restringido 
942 |c BOOK 
999 0 |a Civil Law 
999 0 |a Commercial and Company Law